| 000 | 00815nam a22002897a 4500 | ||
|---|---|---|---|
| 003 | CHAP | ||
| 005 | 20220329140236.0 | ||
| 008 | 971013s r 00010 d | ||
| 010 | _a49129 | ||
| 011 | _a50101 | ||
| 035 | _a54251 | ||
| 040 | _cCHAP | ||
| 082 |
_a541.37 _bP4 |
||
| 100 | 0 | 0 |
_aPharmacia. _987768 |
| 245 | _aElectrophoresis catalogue | ||
| 260 |
_aUppsala : _bPharmacia, _c198- |
||
| 300 | _av. | ||
| 500 | _aLa biblioteca tiene: 1989 | ||
| 590 |
_aBATCH-UPD _b10 _c20130110 _lUCH01 _h0824 |
||
| 590 |
_aBATCH-UPD _b10 _c20130410 _lUCH01 _h0501 |
||
| 590 |
_aBATCH-UPD _b10 _c20130914 _lUCH01 _h1256 |
||
| 590 |
_aCONVERSION _b10 _c20130109 _lUCH01 _h1327 |
||
| 650 | 1 | 4 |
_aElectrofóresis. _936236 |
| 901 | _aBK | ||
| 942 | _cLIBRO | ||
| 949 |
_a541.37 P4 _bBC _cC _d33724000534012 _eC _h74823 _i54251 _mD _si |
||
| 999 |
_c49129 _d49129 |
||